Tangled Trivia - Statistics

General Stats
  • This quiz has been taken 1,221 times
  • The average score is 12 of 15
Answer Stats
Hint Answer % Correct
The princess with 90-foot-long hair Rapunzel
99%
The princess's age when she wants freedom 18
95%
The princess's weapon frying pan
93%
The body part Eugene didn't like on his wanted poster nose
92%
Aka Eugene Fitzherbert Flynn Rider
91%
What the princess uses to heal Eugene's hand hair
89%
What the king and queen release into the sky every year lanterns
89%
The white horse Maximus
87%
Woman who kidnapped the princess Mother Gothel
87%
The little green chameleon Pascal
86%
The game the princess and chameleon play hide-and-seek
83%
What Eugene and the brothers steal from the castle tiara
83%
The kingdom's symbol sun
75%
The name of the inn full of thugs The Snuggly Duckling
53%
The name of the brothers who were Eugene's accomplices The Stabbington Brothers
47%
No matching quizzes found
Score Distribution
Percent of People with Each Score
Percentile by Number Answered
Your Score History
You have not taken this quiz